|
|
|
|
| LEADER |
00000nam0a2200000 4500 |
| 001 |
279185 |
| 005 |
20231101235203.0 |
| 020 |
|
|
|a RU
|b 86-58618
|
| 035 |
|
|
|a (RuTPU)RU\TPU\book\302463
|
| 090 |
|
|
|a 279185
|
| 100 |
|
|
|a 20141217d1986 k y0rusy5003 ca
|
| 101 |
0 |
|
|a rus
|
| 102 |
|
|
|a RU
|
| 105 |
|
|
|a a z 001zy
|
| 200 |
1 |
|
|a Получение, структура и свойства модифицированных аморфно-кристаллических термопластов
|e сборник научных трудов
|f Охтинское научно-производственное объединение "Пластполимер" ; под ред. А. Г. Сироты
|
| 210 |
|
|
|a Ленинград
|c ОНПО "Пластполимер"
|d 1986
|
| 215 |
|
|
|a 264 с.
|c ил.
|
| 320 |
|
|
|a Библиогр. в конце статей
|
| 606 |
1 |
|
|a Полимерные материалы
|x Резание
|2 stltpush
|3 (RuTPU)RU\TPU\subj\71702
|9 85490
|
| 610 |
1 |
|
|a полимеризационные пластмассы
|
| 610 |
1 |
|
|a термопласты
|
| 610 |
1 |
|
|a получение
|
| 610 |
1 |
|
|a продукты модификации
|
| 610 |
1 |
|
|a структура
|
| 610 |
1 |
|
|a свойства
|
| 610 |
1 |
|
|a исследование
|
| 675 |
|
|
|a 678.07
|v 3
|
| 702 |
|
1 |
|a Сирота
|b А. Г.
|g Анатолий Георгиевич
|4 340
|
| 712 |
0 |
2 |
|a Охтинское научно-производственное объединение "Пластполимер"
|2 stltpush
|3 (RuTPU)RU\TPU\col\14008
|9 25854
|
| 801 |
|
0 |
|a RU
|b RuMRKP
|c 19960705
|g psbo
|
| 801 |
|
1 |
|a RU
|b 63413507
|c 20141217
|
| 801 |
|
2 |
|a RU
|b 63413507
|c 20170414
|g RCR
|
| 942 |
|
|
|c BK
|